000 00481nam a2200193 a 4500
001 5917
003 CO-ViMGA
008 141112s2004 ck r 000 u spa d
040 _aCO-ViMGA
_bspa
_cCO-ViMGA
082 0 4 _a923.1 F354v
100 1 _aVázquez de Prada, V
_94519
245 1 0 _aFelipe II
250 _a2a
260 _aBarcelona :
_bJuventud,
_c1990
300 _a200 p : il
490 _aGrandes biografías
650 1 4 _aFELIPE II 1527 - 1598
_949678
942 _2ddc
_cBK
999 _c17893
_d17893